| 000 | 00466nam a2200169 a 4500 | ||
|---|---|---|---|
| 001 | 1702 | ||
| 005 | 20140414131911.0 | ||
| 008 | 001113s19uu xx 00 eng d | ||
| 050 |
_aER _bC17 1995 |
||
| 100 | _aGools, Van | ||
| 245 |
_aCaptain John Smith and Pocahontas / _cVan Gools. |
||
| 260 |
_aAustralia : _bThe Book, _c1995. |
||
| 300 | _a60 p. : ill. ; cm. | ||
| 650 |
_aPocahontas, 1617 _xFiction. |
||
| 650 |
_aPowhatan Indians _xFiction. |
||
| 999 |
_c111217 _d111217 |
||